Entry Personal Name
Number of records used in: 1
001 - CONTROL NUMBER
003 - CONTROL NUMBER IDENTIFIER
005 - DATE AND TIME OF LATEST TRANSACTION
- control field:
20220922122349.0
008 - FIXED-LENGTH DATA ELEMENTS
- fixed length control field:
850701n| acannaab| |n aaa |||
010 ## - LIBRARY OF CONGRESS CONTROL NUMBER
- LC control number:
n 85043005
040 ## - CATALOGING SOURCE
- Original cataloging agency:
DLC
- Transcribing agency:
DLC
- Modifying agency:
DLC
100 10 - HEADING--PERSONAL NAME
- Personal name:
Brachman, Ronald J.,
- Dates associated with a name:
1949-
670 ## - SOURCE DATA FOUND
- Source citation:
Readings in knowledge representation, 1985:
- Information found:
CIP t.p. (Ronald J. Brachman, AT&T Bell Labs.) data sheet (b. 1949)